[Event "BCF-chT4S 1920 (4NCL)"]
[Site "England"]
[Date "2019.11.10"]
[Round "2.114"]
[White "Phillips, William"]
[Black "Dasgupta, Avyukt"]
[Result "1-0"]
[WhiteElo "1839"]
[BlackElo "1390"]
[PlyCount "113"]
[EventDate "2019.11.09"]
[EventType "team-swiss"]
[EventRounds "11"]
[EventCountry "ENG"]
[SourceTitle "EXT 2022"]
[Source "ChessBase"]
[SourceDate "2021.10.06"]
[SourceVersion "1"]
[SourceVersionDate "2021.10.06"]
[SourceQuality "1"]
[WhiteTeam "Cambridge University III"]
[BlackTeam "Watford II"]
[WhiteTeamCountry "ENG"]
[BlackTeamCountry "ENG"]

1. d4 d5 2. Nf3 Nf6 3. g3 Bf5 4. Bg2 e6 5. 0-0 Bd6 6. c4 c6 7. Nc3 dxc4 8. Nh4 Bg6 9. e4 Be7 10. Nxg6 hxg6 11. Be3 Nbd7 12. Qe2 Nb6 13. Rfd1 Qd7 14. a4 a5 15. d5 Nbxd5 16. exd5 cxd5 17. Bd4 Rh5 18. Bf3 Rh7 19. Bxf6 Bxf6 20. Nxd5 Qd8 21. Nxf6+ Qxf6 22. Bxb7 Rd8 23. Qxc4 Kf8 24. Qc5+ Kg8 25. Rxd8+ Qxd8 26. Qc8 Qxc8 27. Bxc8 Rh5 28. Ba6 Rd5 29. b3 Kf8 30. Bc4 Rd8 31. Kf1 Ke7 32. Ke2 Kf6 33. Rd1 Rb8 34. Rd7 Ra8 35. Rd6 Ke5 36. Ra6 Rxa6 37. Bxa6 Ke4 38. Bc4 Ke5 39. Ke3 g5 40. f4+ gxf4+ 41. gxf4+ Kd6 42. f5 exf5 43. Kf4 f6 44. Kxf5 Ke7 45. h4 Kf8 46. Kg6 Ke7 47. Kxg7 f5 48. h5 f4 49. h6 f3 50. h7 f2 51. h8Q f1Q 52. Bxf1 Kd6 53. Qh5 Kc6 54. Qe5 Kb7 55. Qd6 Ka7 56. Qc7+ Ka8 57. Bg2# 1-0

[Event "South Wales op 16th"]
[Site "Cardiff"]
[Date "2019.07.07"]
[Round "1"]
[White "Phillips, William"]
[Black "Camacho Collados, Jose"]
[Result "1-0"]
[WhiteElo "1847"]
[BlackElo "2408"]
[PlyCount "105"]
[EventDate "2019.07.07"]
[EventType "swiss"]
[EventRounds "9"]
[EventCountry "WLS"]
[SourceTitle "CBM 191 Extra"]
[Source "ChessBase"]
[SourceDate "2019.09.30"]
[SourceVersion "1"]
[SourceVersionDate "2019.09.30"]
[SourceQuality "1"]

1. d4 Nf6 2. Nf3 e6 3. Bg5 b6 4. e3 Bb7 5. Bd3 h6 6. Bxf6 Qxf6 7. Nbd2 g5 8. h3 Be7 9. Qe2 c5 10. c3 h5 11. 0-0-0 Nc6 12. Ne4 Qg7 13. dxc5 bxc5 14. Ba6 Bxa6 15. Qxa6 Ne5 16. Nd6+ Kf8 17. Nc8 Nxf3 18. gxf3 Qe5 19. Rxd7 Bf6 20. Nd6 Be7 21. Qb7 Bxd6 22. Qxa8+ Kg7 23. Qxa7 Rf8 24. Rd1 Bb8 25. Qb7 Qh2 26. Rd8 Rxd8 27. Rxd8 Be5 28. Qe4 Bf6 29. Rd2 Qxh3 30. f4 Qf1+ 31. Kc2 g4 32. Qd3 Qa1 33. Qc4 Qh1 34. Qxc5 h4 35. Qh5 Qe4+ 36. Kc1 Qh1+ 37. Kc2 Qe4+ 38. Kc1 Qg6 39. Qxg6+ Kxg6 40. Rd1 Kf5 41. Kd2 e5 42. fxe5 Bxe5 43. Ke2 h3 44. a4 h2 45. a5 g3 46. fxg3 Kg4 47. a6 Bb8 48. Kf2 Kh3 49. Kf3 f5 50. c4 Ba7 51. b4 f4 52. gxf4 h1B+ 53. Rxh1# 1-0